Представление документа в формате RUSMARC

ПолеНазваниеЗначение
  Тип записи a
  Библиографический уровень m
001 Контрольный номер 7bc795a7-5160-4014-994c-cb783966d4b7
005 Дата корректировки 20140820192402.7
100 Данные общей обработки __
a Данные общей обработки 20130724 |||y0 y0189 ca
101 Язык документа __
a Язык текста rus
105 Кодированные данные (монография) __
a Кодированные данные (монография) zy
200 Заглавие и сведения об ответственности 0_
a Заглавие Основы делового общения [текст]
e Сведения, относящиеся к заглавию Учебное пособие
210 Выходные данные __
a Место издания Краснодар
c Издательство КубГАУ
d Дата издания 2008
215 Физическое описание __
a Объем 160 с.
606 Тематические рубрики __
a Основная рубрика Психология
x Основная подрубрика Психология и этика делового общения
610 Ключевые слова __
a Ключевые слова деловое общение
675 Индекс УДК __
a Индекс УДК 316.772(075)
686 Индексы других классификаций __
a Классификационный индекс 83.7
2 Код системы rubbk
700 Автор _1
a Фамилия Зимина
b Имя И.В.
801 Источник записи _0
a Страна
b Организация ККИ
c Дата составления 20130724
852 Данные о местонахождении __
h Классификационный индекс 15.1
i Авторский знак З62
899 Данные о местонахождении __
b Место хранения УчФ
t Номер экземпляра 1
h Классификационная часть РШ 15.1
i Авторский знак З62
901 Тип документа __
t Тип документа m
938 Служебная информация __
a Название организации Краснодарский филиал
b Имя БД Методические пособия
c Название АИБС АИБС Библиотека